Možnosti vstupu na taliansky trh s elektronickými registračnými pokladnicami diplomová práca

Salvato in:
Dettagli Bibliografici
Autore principale: Kopáčová, Zuzana
Ente Autore: Podnikovohospodárska fakulta EU so sídlom v Košiciach. Katedra marketingu a obchodu
Altri autori: Ručinský, Rastislav
Natura: Libro
Lingua:slovacco
Pubblicazione: Košice 2010
Tags: Aggiungi Tag
Nessun Tag, puoi essere il primo ad aggiungerne!!

MARC

LEADER 00000nam$a2200000$$$4500
001 0123195
005 20240318122807.8
041 0 |a slo 
044 |a SK 
245 1 0 |a Možnosti vstupu na taliansky trh s elektronickými registračnými pokladnicami  |b diplomová práca  |c Zuzana Kopáčová ; škol. Rastislav Ručinský 
264 1 |a Košice  |c 2010 
300 |a 57 s. 
100 1 |a Kopáčová, Zuzana 
700 1 |a Ručinský, Rastislav 
710 2 |a Podnikovohospodárska fakulta EU so sídlom v Košiciach. Katedra marketingu a obchodu